Countries That Start with N (with a map) - Statistics

General Stats
  • This quiz has been taken 1,459 times
  • The average score is 8 of 10
Answers on the Map
Answers color-coded by a green-red scale on the quiz's map according to % correct below.
 
Answer Stats
Hint Hint Country % Correct
403.3 203.9 Niger
91%
398.0 230.8 Nigeria
89%
188.2 218.1 Nicaragua
87%
401.7 57 Norway
85%
418 328 Namibia
84%
665.7 127 North Korea
84%
569.8 166.5 Nepal
78%
776.7 391.9 New Zealand
78%
393 86.9 Netherlands
77%
756.2 263.4 Nauru
75%
No matching quizzes found
Score Distribution
Percent of People with Each Score
Percentile by Number Answered
Your Score History
You have not taken this quiz